Saibiniche dedshe gulob. (Record no. 107022)
[ view plain ]
| 000 -LEADER | |
|---|---|
| fixed length control field | 00636nam a2200205Ia 4500 |
| 003 - CONTROL NUMBER IDENTIFIER | |
| control field | OSt |
| 005 - DATE AND TIME OF LATEST TRANSACTION | |
| control field | 20260518165150.0 |
| 008 - FIXED-LENGTH DATA ELEMENTS--GENERAL INFORMATION | |
| fixed length control field | 210210b2000 xxu||||| |||| 00| 0 eng d |
| 040 ## - CATALOGING SOURCE | |
| Transcribing agency | AL |
| 041 ## - LANGUAGE CODE | |
| Language code of text/sound track or separate title | Konkani |
| 082 ## - DEWEY DECIMAL CLASSIFICATION NUMBER | |
| Classification number | 891.468 KHAS |
| 100 ## - MAIN ENTRY--PERSONAL NAME | |
| Personal name | KHADAP, Pseud, (V J P Saldanha). |
| Dates associated with a name | ಖಡಾಪ್ (ವಿಜೆಪಿ ಸಲ್ಡಾನ್ಹಾ). |
| 9 (RLIN) | 264122 |
| 245 ## - TITLE STATEMENT | |
| Title | Saibiniche dedshe gulob. |
| Remainder of title | ಸೈಭಿಣಿಚೊ ಗುಲೊಬ್ |
| 260 ## - PUBLICATION, DISTRIBUTION, ETC. | |
| Place of publication, distribution, etc. | Mangalore |
| Name of publisher, distributor, etc. | Desco Publishers |
| Date of publication, distribution, etc. | 2000 |
| 300 ## - PHYSICAL DESCRIPTION | |
| Extent | 35 |
| 650 ## - SUBJECT ADDED ENTRY--TOPICAL TERM | |
| Topical term or geographic name entry element | Mother mary |
| 9 (RLIN) | 264123 |
| 690 ## - LOCAL SUBJECT ADDED ENTRY--TOPICAL TERM (OCLC, RLIN) | |
| Topical term or geographic name as entry element | Konkani Miscellaneous |
| 9 (RLIN) | 264124 |
| 906 ## - LOCAL DATA ELEMENT F, LDF (RLIN) | |
| a | 059697 |
| 942 ## - ADDED ENTRY ELEMENTS (KOHA) | |
| Source of classification or shelving scheme | Dewey Decimal Classification |
| Koha item type | Book |
| Withdrawn status | Lost status | Source of classification or shelving scheme | Damaged status | Not for loan | Collection code | Home library | Current library | Shelving location | Date acquired | Source of acquisition | Cost, normal purchase price | Total Checkouts | Full call number | Barcode | Date last seen | Price effective from | Koha item type |
|---|---|---|---|---|---|---|---|---|---|---|---|---|---|---|---|---|---|
| Dewey Decimal Classification | Konkani | St Aloysius Library | St Aloysius Library | 02/17/2021 | Institute of Konkani, SAC Mangalore. | 5.00 | 891.468 KHAS | 059697 | 02/17/2021 | 02/17/2021 | Book |